| 000 | 02703cam a22004454i 4500 | ||
|---|---|---|---|
| 003 | PE-LiUPU | ||
| 005 | 20250731165406.0 | ||
| 008 | 151012s2015 pe a grm 000 0 spa d | ||
| 035 | _a(Sirsi) a154822 | ||
| 040 |
_aPE-LiUPU _bspa _cPE-LiUPU _erda |
||
| 099 |
_aTEF 2 _bP29 2015 |
||
| 100 | 1 |
_aPaucar Gómez, Rosario Bianca _eautor |
|
| 245 | 1 |
_aFactores de reisgo que influyen al consumo de alcohol en los estudiantes del nivel secundario de la I.E. José Faustino Sánchez Carrión de Carapongo, Lurigancho, Chosica, Lima, 2014 / _cRosario Bianca Paucar Gómez. |
|
| 264 | 0 | _c2015. | |
| 300 |
_a111hojas : _bilustraciones; _c30 cm |
||
| 336 |
_atext _2rdacontent |
||
| 337 |
_aunmediated _2rdamedia |
||
| 338 |
_avolume _2rdacarrier |
||
| 502 |
_aTesis _b(Lic.) -- _cUniversidad Peruana Unión, _d2015. |
||
| 504 | _aIncluye referencias biliográficas | ||
| 520 | 3 | _aEl objetivo del estudio fue describir los factores de riesgo que influyen al consumo de alcohol en los estudiantes del nivel secundario de la I.E. José Faustino Sánchez Carrión-Carapongo. Fueron medidos sobre la base de una metodología descriptiva, de enfoque cuantitativo, con una muestra de 192 de estudiantes del nivel secundario. Se utilizó el instrumento DUSI-R para identificar los factores de riesgo al consumo de alcohol. Los resultados muestran que el mayor número de los encuestados pertenecen al género femenino (55,7%), la edad que predominó fue de 15 años con un 37,5%, y el 75,5% de los estudiantes viven con sus padres y hermanos. El 34,3% de los adolescentes refieren que sus padres consumen bebidas alcohólicas y de estos, en el 17,/% de los casos es el padre quien consume. En cuanto a los factores de riesgo al consumo de alcohol, el estudio indica que casi el 50% tiene un riesgo de severidad moderada, un 38% severidad baja y solo el 1% tienen ausencia de trastornos. Se concluye mencionando que las acciones tanto preventivas como correctivas deben de involucrar al adolescente, familia, institución educativa y salud, para establecer estrategias conjuntas apoyando en la disminución de riesgo existente en esta institución educativa. | |
| 526 | _aSEG44 | ||
| 526 | _aSEG26 | ||
| 526 | _aP151 | ||
| 526 | _aP150 | ||
| 526 | _aP149 | ||
| 526 | _aP146 | ||
| 526 | _aP145 | ||
| 526 | _aP126 | ||
| 526 | _aP125 | ||
| 526 | _aP92 | ||
| 526 | _aP75 | ||
| 526 | _aP74 | ||
| 526 | _aP27 | ||
| 526 | _aP15 | ||
| 650 | 0 | 4 |
_aEstudiantes de secundaria _xConsumo de alcohol. |
| 596 | _a1 | ||
| 942 |
_2ddc _cTESIS |
||
| 999 |
_aTEF 2 P29 2015 _wALPHANUM _c7519 _iT01741 _lCCODEBUL3 _mBUL _r1 _sY _tTESIS _u2015-10-12 _xSALUD _PP22 _o.STAFF. Tesis _d7519 |
||
| 980 |
_81 _gALBERTO SANCHEZ Responsable de Automatización |
||